| 000 | 00518nam a2200193 i 4500 | ||
|---|---|---|---|
| 001 | C2-0312620 | ||
| 003 | PPAK | ||
| 005 | 20180729001237.0 | ||
| 008 | 111016s2003 my |||| ||||| | may d | ||
| 040 |
_aPPAK _beng _cPPAK _erda |
||
| 245 | 0 | 0 | _aSeri Dewi Malam |
| 264 | 1 |
_a[Kuala Lumpur] : _bGolden Satellite (M) Sdn Bhd. , _c(2003) |
|
| 336 |
_2rdacontent _atext |
||
| 337 |
_2rdamedia _aunmediated |
||
| 338 |
_2rdacarrier _avolume |
||
| 700 | _eauthor | ||
| 700 | 0 |
_aAziz M. Osman, _ecompile |
|
| 942 |
_2ddc _cVCD |
||
| 999 |
_c166635 _d166635 |
||